LEADER 01144nam a2200277 i 4500 001 000000035580 003 CaOOAMICUS 005 20150629000000.0 008 150629s1970 it u000 u ita u 013 $a4041 040 $aSeMil$bita 100 1 $aPinder, John.$0(OLS)http://semarc/name/16620 240 10$aEurope after De Gaulle.$0(OLS)http://semarc/title/48811 245 12$aL'Europa oltre il Mercato Comune /$cJohn Pinder, Roy Pryce. 260 $aBologna :$bIl Mulino,$ccopyr. 1970. 300 $a189 p. ;$c22 cm. 490 0 $aLa specola contemporanea 650 4$aComunità Economica Europea.$0(OLS)http://semarc/subject/6539 650 4$aEuropa - Storia - Sec. 20.$0(OLS)http://semarc/subject/574 700 1 $aPryce, Roy.$0(OLS)http://semarc/name/16621 830 3$aLa specola contemporanea.$0(OLS)http://semarc/title/24357 850 $aSeMil 852 $aSeMil$W1$xVenegono$y1$m3N IV 325$j1735$B1735$CSeMilBibl$Z2$F1735 $81 961 $aOmaggio: Casa editrice 996 $6245$aL'Europa oltre il Mercato Comune$9(OLS)http://semarc/title/48810 996 $6260$aBologna :$bIl Mulino$9(OLS)http://semarc/publisher/29842 LEADER 01222nam a2200229 i 4500 001 000000108418 003 CaOOAMICUS 005 20161212000000.0 008 161212s1841 xx u000 u fre u 013 $a81074 040 $aSeMil$bita 100 1 $aDecorde, Jean Faustin.$0(OLS)http://semarc/name/45536 245 13$aDe l'organisation du travail la plus propre à augmenter le bien-être des classes laborieuses :$bmémoire couronné par l'Athénée des arts de Paris, dans sa séance annuelle du 17 juillet 1838 /$cpar M. Decorde. 260 $aBruxelles :$bSociété Belge de Librairie,$c1841. 300 $a111 p. ;$c22 cm. 650 4$aLavoro - Organizzazione - Tecniche.$0(OLS)http://semarc/subject/19122 850 $aSeMil 852 $aSeMil$W1$xVenegono$y1$m3N III 14 FA$j64514$B64514$CSeMilBibl$Z2$F215086 $8I 941 1 $a10 961 $aRecupero: Mantegazza 996 $6245$aDe l'organisation du travail la plus propre à augmenter le bien-être des classes laborieuses :$bmémoire couronné par l'Athénée des arts de Paris, dans sa séance annuelle du 17 juillet 1838$9(OLS)http://semarc/title/157229 996 $6260$aBruxelles :$bSociété Belge de Librairie$9(OLS)http://semarc/publisher/30903